La dictadura soviética / (Record no. 73463)

MARC details
000 -LEADER
campo de control de longitud fija 00758nam a2200217 i 4500
001 - NÚMERO DE CONTROL
campo de control 73463
003 - IDENTIFICADOR DE NÚMERO DE CONTROL
campo de control ES-MaACL
005 - FECHA Y HORA DE LA ÚLTIMA TRANSACCIÓN
campo de control 20230906171825.0
007 - CAMPO FIJO DE DESCRIPCIÓN FÍSICA--INFORMACIÓN GENERAL
campo de control de longitud fija t|
008 - DATOS DE LONGITUD FIJA--INFORMACIÓN GENERAL
campo de control de longitud fija 041014s1963 sp ||||1| spa d
080 ## - NÚMERO DE LA CLASIFICACIÓN DECIMAL UNIVERSAL
Número de la Clasificación Decimal Universal 94(47)"1917/..."
100 1# - ENTRADA PRINCIPAL--NOMBRE DE PERSONA
Nombre de persona Mac Closky, Herbert.
9 (RLIN) 75010
245 13 - MENCIÓN DEL TÍTULO
Título La dictadura soviética /
Mención de responsabilidad, etc. McClosky & Turner ; introducción a la versión española de Gerardo Lagüens.
260 ## - PUBLICACIÓN, DISTRIBUCIÓN, ETC.
Lugar de publicación, distribución, etc. Madrid :
Nombre del editor, distribuidor, etc. Morata,
Fecha de publicación, distribución, etc. [1963] (
Fabricante Samarán)
300 ## - DESCRIPCIÓN FÍSICA
Extensión 2 v. ;
Dimensiones 23 cm.
505 8# - NOTA DE CONTENIDO CON FORMATO
Nota de contenido con formato Contiene: I. Del imperio al bolchevismo -- II. Del bolchevismo al imperialismo
651 #4 - PUNTO DE ACCESO ADICIONAL DE MATERIA--NOMBRE GEOGRÁFICO
Nombre geográfico URSS-
Subdivisión general Historia.
9 (RLIN) 9469
700 1# - ENTRADA AGREGADA--NOMBRE PERSONAL
Nombre de persona Turner, John Elliot.
9 (RLIN) 111736
700 1# - ENTRADA AGREGADA--NOMBRE PERSONAL
Nombre de persona Lagüens Marquesán, Gerardo.
9 (RLIN) 69611
852 ## - LOCALIZACIÓN
Ubicación ES-MaACL
Número de control de estantería C-22716-7
Sublocalización o colección R.51599
Holdings
Estatus retirado Estado de pérdida Estado de daño No para préstamo Biblioteca de origen Biblioteca actual Ubicación en estantería Fecha de adquisición Fuente de adquisición Total de préstamos Signatura topográfica completa Código de barras Visto por última vez Precio de reemplazo Tipo de ítem Koha
        Biblioteca del Ateneo de Madrid Biblioteca del Ateneo de Madrid Mesetón 17/01/2008     C-22716-7 1076894 23/02/2023 23/02/2023 Libro impreso